000 00385nam a2200145Ia 4500
008 230917s9999||||xx |||||||||||||| ||und||
040 _e144058
_aMAIN
041 _aEnglish
082 _a361.6 S69P
100 _aSapru, R.K.
245 0 _aPublic policy: formulation, implementation and evaluation
260 _aNew Delhi
_bSterling Publishers
_c1994
300 _a142 p.
942 _cBK
999 _c77411
_d77411